000 00594nam a2200229Ia 4500
003 OSt
005 20220918204413.0
006 a|||||r|||| 00| 0
007 ta
008 220917b |||||||| |||| 00| 0 eng d
024 _a112,565
037 _cTextual
040 _aARTS
_cARTS
_beng
041 _2eng
_aeng
082 _aV53:25wPL49, H8
100 _aVallentine A
_9111953
245 0 _aMirabeau
_b voice of the revolution tr by E W Dickes
260 _c1948
650 _aHISTORY
942 _hV53:25wPL49, H8
_cTEXL
_2CC
999 _c235914
_d235914